Statistics for Essex Train Stations

Click here to take the quiz!

General Stats

  • This quiz has been taken 99 times
  • The average score is 31 of 74

Answer Stats

Main OperatorStation% Correct
c2cBasildon
84%
Greater AngliaColchester
84%
Greater AngliaChelmsford
82%
Elizabeth LineBrentwood
74%
Greater AngliaShenfield
71%
c2cSouthend Central
71%
c2cGrays
69%
Greater AngliaBraintree
65%
Greater AngliaClacton-on-Sea
65%
Greater AngliaBillericay
63%
Greater AngliaSouthend Victoria
63%
c2cShoeburyness
61%
Greater AngliaWitham
60%
c2cLeigh-on-Sea
58%
c2cPitsea
58%
Greater AngliaSouthend Airport
56%
Greater AngliaIngatestone
55%
c2cWestcliff
55%
c2cSouthend East
53%
Greater AngliaRayleigh
50%
c2cBenfleet
48%
Greater AngliaColchester Town
48%
Greater AngliaWickford
45%
c2cLaindon
44%
Greater AngliaMarks Tey
44%
c2cThorpe Bay
44%
Greater AngliaHarlow Town
42%
Greater AngliaStansted Airport
42%
c2cChafford Hundred Lakeside
40%
Greater AngliaHarwich Town
40%
Greater AngliaHockley
40%
Greater AngliaManningtree
40%
Greater AngliaRochford
40%
c2cWest Horndon
40%
Greater AngliaBraintree Freeport
39%
c2cChalkwell
39%
c2cEast Tilbury
39%
Greater AngliaHatfield Peverel
39%
Greater AngliaKelvedon
39%
Greater AngliaSouthminster
39%
c2cTilbury Town
39%
Greater AngliaWivenhoe
39%
Greater AngliaPrittlewell
37%
Greater AngliaWalton-on-the-Naze
37%
c2cStanford-le-Hope
35%
c2cOckendon
34%
c2cPurfleet
34%
Greater AngliaThorpe-le-Soken
34%
Greater AngliaCressing
32%
Greater AngliaFrinton-on-Sea
32%
Greater AngliaSouth Woodham Ferrers
32%
Greater AngliaWhite Notley
32%
Greater AngliaBattlesbridge
31%
Greater AngliaHythe
31%
Greater AngliaAudley End
29%
Greater AngliaStansted Mountfitchet
29%
Greater AngliaHarlow Mill
27%
Greater AngliaHarwich International
27%
Greater AngliaAlresford
26%
Greater AngliaBurnham-on-Crouch
26%
Greater AngliaNorth Fambridge
24%
Greater AngliaBures
23%
Greater AngliaKirby Cross
23%
Greater AngliaNewport
23%
Greater AngliaWeeley
23%
Greater AngliaDovercourt
21%
Greater AngliaGreat Chesterford
21%
Greater AngliaMistley
21%
Greater AngliaRoydon
21%
Greater AngliaWrabness
21%
Greater AngliaChappel & Wakes Colne
19%
Greater AngliaGreat Bentley
19%
Greater AngliaAlthorne
18%
Greater AngliaElsenham
18%

Score Distribution

Percentile by Number Answered

Percent of People with Each Score

Your Score History

You have not taken this quiz